| 000 | 00369nam a22001577a 4500 | ||
|---|---|---|---|
| 999 |
_c532608 _d532608 |
||
| 003 | NUST | ||
| 005 | 20191126154711.0 | ||
| 008 | 191126b ||||| |||| 00| 0 eng d | ||
| 038 | _aMSOHAIL | ||
| 082 | _a658.408 | ||
| 100 |
_aM.Umer Zubair _926234 |
||
| 245 | _aConstruction Safety Plan: | ||
| 260 |
_aIslamabad _bNUST _cc2014 |
||
| 300 | _ap;v.p. | ||
| 942 |
_2ddc _cBK |
||